Joan edukira

Экономическая безопасность современной России в условиях кризиса Монография

Рассмотрена сущность категории «экономическая безопасность» приведена классификация современных угроз экономической безопасности рассмотрена экономическая безопасность в ключевых финансово-экономических сферах. Также представлена экономическая безопасность региона как составляющая экономической безо...

Deskribapen osoa

Gorde:
Xehetasun bibliografikoak
Egile nagusia: Орехов В. И.
Formatua: Монография
Edizioa:1
Saila:Научная мысль
Sarrera elektronikoa:https://znanium.com/catalog/document?id=400015
https://znanium.com/cover/1852/1852613.jpg
Etiketak: Etiketa erantsi
Etiketarik gabe, Izan zaitez lehena erregistro honi etiketa jartzen!
LEADER 03589nam0a2200349 i 4500
001 RU\infra-m\znanium\bibl\1852613
003 https://znanium.com/catalog/document?id=400015
005 20230725000000.0
010 |a 978-5-16-009568-4 
010 |a 978-5-16-100991-8  |b электр. издание 
100 |a 20230725d2022 m y0rusy0150 ca 
101 0 |a rus 
102 |a RU 
200 1 |a Экономическая безопасность современной России в условиях кризиса  |e Монография  |f Российская академия естественных наук 
205 |a 1 
210 1 |a Москва  |c ООО "Научно-издательский центр ИНФРА-М"  |d 2022 
215 |a 105 с. 
225 1 |a Научная мысль 
330 |a Рассмотрена сущность категории «экономическая безопасность» приведена классификация современных угроз экономической безопасности рассмотрена экономическая безопасность в ключевых финансово-экономических сферах. Также представлена экономическая безопасность региона как составляющая экономической безопасности РФ проведена оценка экономической устойчивости региона на основе использования методов адаптивной фильтрации и фрактального анализа. Представлены внешнеэкономические аспекты обеспечения международной экономической безопасности с учетом когнитивного подхода к определению понятия «внешнеэкономическая деятельность» а также экономическое обеспечение продовольственной безопасности как составной части экономической. Для студентов аспирантов и преподавателей высших учебных заведений экономических специальностей а также научных работников менеджеров и руководителей фирм. 
333 |a Дополнительное профессиональное образование 
606 |a Экономика. Бухгалтерский учет. Финансы  |x Экономика России  |2 local 
608 |a Монография  |2 local 
675 |a 37(075.4)  |z rus 
686 |a 87  |2 rubbk 
686 |a 38.03.01  |2 okso 
686 |a 38.04.01  |2 okso 
700 1 |a Орехов  |b В. И.  |g Владимир Иванович  |p Российская академия естественных наук 
701 1 |a Орехова  |b Т.Р.  |g Татьяна Романовна  |p Российская академия естественных наук 
701 1 |a Карагодина  |b О. В.  |g Ольга Валерьевна 
801 0 |a RU  |b Общество с ограниченной ответственностью «ЗНАНИУМ»  |c 20211109  |2 rusmarc 
856 4 |a znanium.com  |m ebs_support@infra-m.ru  |n НИЦ ИНФРА-М  |u https://znanium.com/catalog/document?id=400015 
856 4 1 |a znanium.com  |d /cover/1852  |f 1852613.jpg  |q image/jpeg  |u https://znanium.com/cover/1852/1852613.jpg